| 000 | 01599cam a2200289 4500 | ||
|---|---|---|---|
| 001 | ABS66425 | ||
| 008 | 030228n2003 000 0 eng u | ||
| 035 | _a(Sirsi) u121470 | ||
| 100 | _aAtkinson, D. | ||
| 245 | _aAdjudicator's award given more clout | ||
| 260 | _c2003 | ||
| 490 |
_aConstruction News _v(6802) 6 February 2003, 12(1) |
||
| 520 | _aDiscusses how the relationship between an adjudicator's decision and other clauses in the contract has been clarified by the judgment in "Ferson Contractors v Levolux" (CA Abs66318). The CA ruled that the obligation to pay a sum awarded by an adjudicator takes precedence, even where other terms within the contract supersede that payment. View judgment at www.courtservice.gov.uk. | ||
| 590 | _aABS | ||
| 650 | _aMANAGEMENT-DISPUTE AVOIDANCE, MANAGEMENT AND RESOLUTION-DISPUTE MANAGEMENT AND RESOLUTION-ALTERNATIVE DISPUTE RESOLUTION-ADJUDICATION-ADJUDICATION AWARDS | ||
| 650 | _aBOVIS LEND LEASE V TRIANGLE DEVELOPMENTS LTD | ||
| 650 | _aBOUYGUES UK LTD V DAHL-JENSEN UK LTD | ||
| 650 | _aCABLE AND WIRELESS PLC v IBM (UK) LTD | ||
| 650 | _aHOUSING GRANTS, CONSTRUCTION AND REGENERATION ACT 1996 S111 | ||
| 650 | _aCONSTRUCTION DISPUTES | ||
| 650 | _aFERSON CONTRACTORS LTD V LEVOLUX AT LTD | ||
| 650 | _aGC/WORKS SUBCONTRACT | ||
| 650 | _aK N S INDUSTRIAL SERVICES (BIRMINGHAM) LTD V SINDALL LTD | ||
| 690 | _aMANGEMENT-DISPUTE AVOIDANCE, MANAGEMENT AND RESOLUTION-DISPUTE MANAGEMENT AND RESOLUTION | ||
| 856 |
_uhttps://www.courtservice.gov.uk/View.do?id=1503 _zView judgment on the Court Service website... |
||
| 942 | _n0 | ||
| 999 |
_c72187 _d72187 |
||